Repräsentieren, bewahren, belehren: Galeriewerke (1660 - 1800) : von der Darstellung herrschaftlicher Gemäldesammlungen zum populären Bildband

Saved in:
Bibliographic Details
Main Author: Bähr, Astrid (Author)
Document Type: Thesis Book
Language:German
Published: Hildesheim ; Zürich [u.a.] : Olms , 2009
Series:Studien zur Kunstgeschichte 178
Subjects:
Online Access:Inhaltsverzeichnis
Rezension
Cover
Inhaltstext
Inhaltsverzeichnis
Related Items:Elektronische Reproduktion: Repräsentieren, bewahren, belehren: Galeriewerke (1660 - 1800)
Rezensiert in: [Rezension von: Astrid Bähr, Repräsentieren, bewahren, belehren: Galeriewerke (1660-1800). Von der Darstellung herrschaftlicher Gemäldesammlungen zum populären Bildband]
Rezensiert in: Repräsentation und Belehrung
Rezensiert in: The illustrated catalogue as a new genre
Author Notes:Astrid Bähr
Bibliogr. Citation:Bähr, Galeriewerke, 2009
LEADER 05535cam a2201009 c 4500
001 600227391
003 DE-627
005 20260616204041.0
007 tu
008 090520s2009 gw ||||| m 00| ||ger c
010 |a  2009473400 
015 |a 09,N22,2337  |2 dnb 
015 |a 09,N22,2337  |2 dnb 
016 7 |a 994169051  |2 DE-101 
020 |a 9783487139777  |q KART. : EUR 78.00  |9 978-3-487-13977-7 
020 |a 3487139774  |9 3-487-13977-4 
024 3 |a 9783487139777 
035 |a (DE-627)600227391 
035 |a (DE-603)213662280 
035 |a (DE-576)30797569X 
035 |a (DE-599)DNB994169051 
035 |a (OCoLC)467885159 
035 |a (OCoLC)551966321 
035 |a (OCoLC)881771748 
035 |a (OCoLC)428983181 
040 |a DE-627  |b ger  |c DE-627  |e rakwb 
041 |a ger 
044 |c XA-DE-NI  |c XA-CH  |c XD-US 
050 0 |a N7485.G3 
082 0 |a 708.00903222gerDNB 
082 0 |a 750  |q BSZ 
082 0 4 |a 700  |a 060  |a 070  |a 750 
084 |a 9,10  |2 ssgn 
084 |a LH 60420  |2 rvk  |0 (DE-625)rvk/94196: 
084 |a AN 19160  |2 rvk  |0 (DE-625)rvk/5825: 
084 |a LH 60400  |2 rvk  |0 (DE-625)rvk/94195: 
084 |a 21.32  |2 bkl 
084 |a 20.11  |2 bkl 
090 |a a 
100 1 |a Bähr, Astrid  |d 1968-  |0 (DE-588)1042125163  |0 (DE-627)768224675  |0 (DE-576)393700178  |4 aut 
245 1 0 |a Repräsentieren, bewahren, belehren: Galeriewerke (1660 - 1800)  |b von der Darstellung herrschaftlicher Gemäldesammlungen zum populären Bildband  |c Astrid Bähr 
264 1 |a Hildesheim  |a Zürich [u.a.]  |b Olms  |c 2009 
300 |a 635 Seiten  |b Illustrationen  |c 25 cm 
336 |a Text  |b txt  |2 rdacontent 
337 |a ohne Hilfsmittel zu benutzen  |b n  |2 rdamedia 
338 |a Band  |b nc  |2 rdacarrier 
490 1 |a Studien zur Kunstgeschichte  |v 178 
502 |a Zugl.: Berlin, Techn. Univ., Diss., 2005 
510 3 |a Bähr, Galeriewerke, 2009 
583 1 |a Archivierung/Langzeitarchivierung gewährleistet  |f PENI  |x XA-DE-NI  |2 pdager  |5 DE-35 
583 1 |a Archivierung/Langzeitarchivierung gewährleistet  |f SSG  |x XA-DE-BW  |2 pdager  |5 DE-16 
648 7 |a Geschichte 1660-1800  |2 gnd 
650 0 |a Art  |x Private collections  |z Europe  |v Catalogs  |x History 
650 0 |a Art museums  |z Europe  |v Catalogs  |x History 
650 0 7 |0 (DE-588)7680395-8  |0 (DE-627)612732401  |0 (DE-576)31296756X  |a Galeriewerk  |2 gnd 
655 7 |a Hochschulschrift  |0 (DE-588)4113937-9  |0 (DE-627)105825778  |0 (DE-576)209480580  |2 gnd-content 
689 0 0 |d s  |0 (DE-588)7680395-8  |0 (DE-627)612732401  |0 (DE-576)31296756X  |a Galeriewerk  |2 gnd 
689 0 1 |a z  |2 gnd  |a Geschichte 1660-1800 
689 0 |5 DE-101 
751 |a Berlin  |0 (DE-588)4005728-8  |0 (DE-627)10482638X  |0 (DE-576)208862560  |4 uvp 
776 0 8 |i Elektronische Reproduktion  |a Bähr, Astrid, 1968 -   |t Repräsentieren, bewahren, belehren: Galeriewerke (1660 - 1800)  |d Hildesheim : Georg Olms Verlag, 2009  |h 635 Seiten  |w (DE-627)1906650349 
787 0 8 |i Rezensiert in  |a Savoy, Bénédicte, 1972 -   |t [Rezension von: Astrid Bähr, Repräsentieren, bewahren, belehren: Galeriewerke (1660-1800). Von der Darstellung herrschaftlicher Gemäldesammlungen zum populären Bildband]  |d 2009  |w (DE-627)1854066234 
787 0 8 |i Rezensiert in  |a Zur Mühlen, Ilse von, 1962 -   |t Repräsentation und Belehrung  |d 2011  |w (DE-627)1897701837 
787 0 8 |i Rezensiert in  |t The illustrated catalogue as a new genre  |d 2011  |w (DE-627)1409327272  |w (DE-576)339327278 
830 0 |a Studien zur Kunstgeschichte  |v 178  |9 178  |w (DE-627)129411310  |w (DE-576)005266378  |w (DE-600)188562-5  |x 0175-9558  |7 am 
856 4 2 |u http://www.gbv.de/dms/weimar/toc/600227391_toc.pdf  |m V:DE-601  |m B:DE-Wim2  |q pdf/application  |x Verlag  |y Inhaltsverzeichnis  |3 Inhaltsverzeichnis  |7 1 
856 4 2 |u https://swbplus.bsz-bw.de/bsz30797569xrez.htm  |m B:DE-576;DE-16  |q application/pdf  |v 20091114000000  |x Verlag  |3 Rezension  |7 1 
856 4 2 |u https://images.booklooker.de/m/9783487139777/Astrid-B%C3%A4hr+Repr%C3%A4sentieren-bewahren-belehren-Galeriewerke-1660-1800-Von-der-Darstellung.jpg  |x Verlag  |3 Cover  |7 1 
856 4 2 |u http://deposit.dnb.de/cgi-bin/dokserv?id=3300728&prov=M&dok_var=1&dok_ext=htm  |q text/html  |x Verlag  |3 Inhaltstext  |7 1 
856 4 2 |u http://bvbr.bib-bvb.de:8991/F?func=service&doc_library=BVB01&doc_number=017660158&line_number=0001&func_code=DB_RECORDS&service_type=MEDIA  |x Verlag  |z Inhaltsverzeichnis  |3 Volltext  |7 1 
935 |a SAXB 
935 |e Bähr, Galeriewerke, 2009  |f b 
935 |i sf 
936 r v |a LH 60420  |b Echtheitsfragen: Kunstfälschung; Kunstexperten, Untersuchungstechnik; Kopie und Reproduktion  |k Kunstgeschichte  |k Allgemeines. Allgemeine Kunstgeschichte  |k Kunstkennerschaft und Mäzenatentum  |k Echtheitsfragen: Kunstfälschung; Kunstexperten, Untersuchungstechnik; Kopie und Reproduktion  |0 (DE-627)1270637355  |0 (DE-625)rvk/94196:  |0 (DE-576)200637355 
936 r v |a AN 19160  |b Kunstbuch  |k Allgemeines  |k Buch- und Bibliothekswesen, Informationswissenschaft  |k Buchwesen  |k Buchgattungen und -formen  |k Kunstbuch  |0 (DE-627)1270676504  |0 (DE-625)rvk/5825:  |0 (DE-576)200676504 
936 r v |a LH 60400  |b Kunstsammeln  |k Kunstgeschichte  |k Allgemeines. Allgemeine Kunstgeschichte  |k Kunstkennerschaft und Mäzenatentum  |k Kunstsammeln  |0 (DE-627)1270643045  |0 (DE-625)rvk/94195:  |0 (DE-576)200643045 
936 b k |a 21.32  |j Geschichte der Graphik  |0 (DE-627)106405756 
936 b k |a 20.11  |j Kunstsammlung  |0 (DE-627)106406248 
936 s n |a a200  |2 mzub 
936 s n |a l300  |2 mzub 
936 s n |a a100  |2 mzub 
936 s n |a a300  |2 mzub 
951 |a BO 
990 |a Galeriewerk 
990 |a Geschichte 1660-1800 
991 |a Rezensiertes Werk 
999 |a KXP-PPN600227391  |e 4396491263